02318cam a22004214a 45000010009000000050017000090080041000260100017000670150019000840160018001030200026001210350023001470350020001700400047001900420008002370430021002450500022002660820017002880840015003051000024003202450110003442600044004543000034004984400036005325000052005685040066006205050632006866500064013186500054013826500057014366500047014938560078015408560091016189060045017099420012017549990017017669520113017831339707420170105102839.0031106s2004 enka b 001 0 eng  a 2003024477 aGBA4Y52582bnb7 a0109812622Uk a0415332656 (hardback) a(OCoLC)ocm53435051 a(OCoLC)53435051 aDLCcDLCdYDXdUKMdBAKERdMUQdNLGGCdDLC apcc an-us---ae------00aJZ1237b.F75 200400a327.1/01222 a89.702bcl1 aFriedrichs, Jörg.10aEuropean approaches to international relations theory :ba house with many mansions /cJörg Friedrichs. aLondon ;aNew York :bRoutledge,c2004. axiv, 206 p. :bill. ;c24 cm. 4aThe new international relations aSimultaneously published in the USA and Canada. aIncludes bibliographical references (p. [161]-198) and index.0 aInternational relations : still an American social science? -- International relations theory in France : three generations of Parisian intellectual pride -- International relations theory in Italy : between domestic academia and intellectual adjustment -- International relations theory in the Nordic countries : from fragmentation to multi-level research cooperation -- Third way or via media? The international society approach of the English school -- Middle ground or halfway house? Social constructivism and the theory of European integration -- The meaning of new medievalism : an exercise in theoretical reconstruction. 0aInternational relationsxStudy and teachingzUnited States. 0aInternational relationsxResearchzUnited States. 0aInternational relationsxStudy and teachingzEurope. 0aInternational relationsxResearchzEurope.413Table of contentsuhttp://www.loc.gov/catdir/toc/ecip0411/2003024477.html423Publisher descriptionuhttp://www.loc.gov/catdir/enhancements/fy0703/2003024477-d.html a7bcbccorignewd1eecipf20gy-gencatlg 2ddccBK c13810d13810 001040708NFICaCIPSbCIPScGENd2013-08-01l0o327.1/01 FRI 2004pCIPS0000044r2013-08-02w2017-01-05yBK